Catálogo público

Curso introductorio a la administración/ Jorge Barajas Medina (Record no. 209301)

MARC details
000 -CABECERA
campo de control de longitud fija 00880nam a2200265Ia 4500
001 - NÚMERO DE CONTROL
campo de control dia_2309
003 - IDENTIFICADOR DEL NÚMERO DE CONTROL
campo de control CHAP
005 - FECHA Y HORA DE LA ÚLTIMA TRANSACCIÓN
campo de control 20251021153256.0
008 - DATOS DE LONGITUD FIJA--INFORMACIÓN GENERAL
campo de control de longitud fija 220601s9999 xx 000 0 und d
020 ## - NÚMERO INTERNACIONAL ESTÁNDAR DEL LIBRO
Número Internacional Estándar del Libro 968-24-1411-3
040 ## - FUENTE DE LA CATALOGACIÓN
Centro/agencia transcriptor CHAP
082 ## - NÚMERO DE LA CLASIFICACIÓN DECIMAL DEWEY
Número de clasificación 658 B37 1986
100 ## - ENTRADA PRINCIPAL--NOMBRE DE PERSONA
Nombre de persona Barajas Medina, Jorge
9 (RLIN) 10042
245 ## - MENCIÓN DE TÍTULO
Título Curso introductorio a la administración/ Jorge Barajas Medina
260 ## - PUBLICACIÓN, DISTRIBUCIÓN, ETC.
Lugar de publicación, distribución, etc. México : Trillas
300 ## - DESCRIPCIÓN FÍSICA
Extensión 195 p.195 p.
503 ## - NOTA DE HISTORIA BIBLIOGRÁFICA (BK CF MU) [OBSOLETO]
Nota de historia bibliográfica I. 142737 (ej. 1) \ I. 142742 (ej. 2) \ I. 142741 (ej. 3) \ I. 142740 (ej. 4) \ I. 142738 (ej. 5) \ I. 142739 (ej. 6) \ I. 142743 (ej. 7) \ I. 142736 (ej. 8)
504 ## - NOTA DE BIBLIOGRAFÍA, ETC.
Nota de bibliografía, etc. Incluye bibliografía
590 ## - NOTA LOCAL (RLIN)
Nota local HD37 B37 1987
650 ## - PUNTO DE ACCESO ADICIONAL DE MATERIA--TÉRMINO DE MATERIA
Término de materia o nombre geográfico como elemento de entrada 1. AdministraciónÌ
9 (RLIN) 175778
901 ## - ELEMENTOS DE DATOS A LOCAL LDA (RLIN)
a 658 B37 1986
902 ## - ELEMENTOS DE DATOS B LOCAL, LDB (RLIN)
a M
905 ## - ELEMENTOS DE DATOS E LOCAL, LDE (RLIN)
a 5232271986 mx im 8222123322spa16
942 ## - ELEMENTOS DE PUNTO DE ACCESO ADICIONAL (KOHA)
Tipo de ítem Koha Libro
Fuente del sistema de clasificación o colocación Dewey Decimal Classification
Holdings
Estado de retiro Estado de pérdida Fuente del sistema de clasificación o colocación Estado dañado Restricciones de uso No para préstamo Código de colección Localización permanente Ubicación/localización actual Fecha de adquisición Fuente de adquisición Coste, precio normal de compra Número de inventario Total de préstamos Signatura topográfica completa Código de barras Fecha visto por última vez Fecha del último préstamo Número de copia Tipo de ítem Koha
    Dewey Decimal Classification   Préstamo 5 días   General Ingenieria Agroindustrial Ingenieria Agroindustrial 08/11/1988 Compra Librería Patena F. 3000 / R. 21504 (8/Nov/88) 6545.50 142736 2 658 B37 1986 dia_002873 26/02/2026 26/02/2026 Ej. 8 Libro
    Dewey Decimal Classification   Préstamo interno   General Ingenieria Agroindustrial Ingenieria Agroindustrial 08/11/1988 Compra Librería Patena F. 3000 / R. 21504 (8/Nov/88) 6545.50 142737 1 658 B37 1986 dia_002866 19/02/2024 19/02/2024 Ej. 1 Libro
    Dewey Decimal Classification   Préstamo 5 días   General Ingenieria Agroindustrial Ingenieria Agroindustrial 08/11/1988 Compra Librería Patena F. 3000 / R. 21504 (8/Nov/88) 6545.50 142742   658 B37 1986 dia_002867 01/06/2022   Ej. 2 Libro
    Dewey Decimal Classification   Préstamo 5 días   General Ingenieria Agroindustrial Ingenieria Agroindustrial 08/11/1988 Compra Librería Patena F. 3000 / R. 21504 (8/Nov/88) 6545.50 142741 2 658 B37 1986 dia_002868 07/04/2026 07/04/2026 Ej. 3 Libro
    Dewey Decimal Classification   Préstamo 5 días   General Ingenieria Agroindustrial Ingenieria Agroindustrial 08/11/1988 Compra Librería Patena F. 3000 / R. 21504 (8/Nov/88) 6545.50 142741 1 658 B37 1986 dia_002869 07/04/2026 07/04/2026 Ej. 4 Libro
    Dewey Decimal Classification   Préstamo 5 días   General Ingenieria Agroindustrial Ingenieria Agroindustrial 08/11/1988 Compra Librería Patena F. 3000 / R. 21504 (8/Nov/88) 6545.50 142738   658 B37 1986 dia_002870 01/06/2022   Ej. 5 Libro
    Dewey Decimal Classification   Préstamo 5 días   General Ingenieria Agroindustrial Ingenieria Agroindustrial 08/11/1988 Compra Librería Patena F. 3000 / R. 21504 (8/Nov/88) 6545.50 142739   658 B37 1986 dia_002871 01/06/2022   Ej. 6 Libro
    Dewey Decimal Classification   Préstamo 5 días   General Ingenieria Agroindustrial Ingenieria Agroindustrial 08/11/1988 Compra Librería Patena F. 3000 / R. 21504 (8/Nov/88) 6545.50 142743 1 658 B37 1986 dia_002872 20/02/2024 20/02/2024 Ej. 7 Libro